Buluşlar (Record no. 11032)

MARC details
000 -BAŞLIK
Sabit Uzunluktaki Kontrol Alanı 00509nam a22001937a 4500
003 - KONTROL NUMARASI KİMLİĞİ
Kontrol Alanı koha_MIRAKIL
005 - EN SON İŞLEM TARİHİ ve ZAMANI
Kontrol Alanı 20231213095902.0
008 - SABİT UZUNLUKTAKİ VERİ ÖGELERİ - GENEL BİLGİ
Sabit Alan 231213b |||||||| |||| 00| 0 ||| d
020 ## - ISBN - ULUSLARARASI STANDART KİTAP NUMARASI
-- 978-9-75902099-6
040 ## - KATALOGLAMA KAYNAĞI
Özgün Kataloglama Kurumu TR-IsEVY
Kataloglama Dili tur
Çeviri Kurumu TR-IsEVY
082 ## - DEWEY ONU SINIFLAMA SİSTEMİ
Sınıflama Numarası 609 CAS/B
100 ## - KİŞİ ADI
Yazar Adı (Kişi adı) Casalis, Anna.
245 #0 - ESER ADI BİLDİRİMİ
Başlık Buluşlar
Alt Eseradı vb. 100 sihirli kutu
260 ## - YAYIN, DAĞITIM, VB.
Yayınevi Marsık,
Yayın Tarihi 2009
300 ## - FİZİKSEL TANIMLAMA
Sayfa, Cilt vb. [8] s.
650 ## - KONU BAŞLIĞI EK GİRİŞ - KONU TERİMİ
Konusal terim veya coğrafi ad Buluşlar -- Tarih -- Çocuk edebiyatı.
650 ## - KONU BAŞLIĞI EK GİRİŞ - KONU TERİMİ
Konusal terim veya coğrafi ad Dünyayı keşfetmek.
942 ## - EK GİRİŞ ÖGELERİ (KOHA)
Source of classification or shelving scheme Dewey Decimal Classification
Koha item type Kitap
Holdings
Kayıp Durumu Sınıflandırma Kaynağı Hasarlı Durumu Kalıcı Konum Mevcut Konum Kayıt Tarih Edinim Kaynağı Toplam Ödünçverme Yer Numarası Demirbaş Numarası Son Görülme Tarihi Son Kontrol Tarihi Fatura Tarihi Materyal Türü
  Dewey Decimal Classification   İLKOKUL KÜTÜPHANESİ İLKOKUL KÜTÜPHANESİ 04/09/2015 Satınalma 2 609 CAS/B 11487 03/04/2026 11/03/2026 10/03/2020 Kitap